| 000 | 00614nam a22002057a 4500 | ||
|---|---|---|---|
| 999 |
_c3809 _d3809 |
||
| 003 | AR-CdUCM | ||
| 008 | 190307b ||||| |||| 00| 0 spa d | ||
| 040 |
_aMUNICIPALIDAD PROVINCIAL DEL CUSCO _cBIBLIOTECA MUNICIPAL DEL CUSCO |
||
| 082 |
_a869.33 / _bD89 |
||
| 100 |
_aDonoso Loero, Teresa _912279 |
||
| 245 | _aLa pasión intemporal / | ||
| 260 |
_aLima : _bEdit J. Mejía Baca, _c1963. |
||
| 300 |
_a132 páginas ; _c21 cm. |
||
| 500 | _aEmaús, año 60--Cubierta. | ||
| 650 |
_aNovelas chilenas _92077 |
||
| 650 |
_aCuentos chilenos _912280 |
||
| 650 |
_aSiglo XX _98 |
||
| 942 |
_2ddc _cLIBROS |
||
| 945 | _admma | ||